<?xml version="1.0" encoding="UTF-8"?>
<collection xmlns="http://www.loc.gov/MARC21/slim">
 <record>
  <leader>03398cam a2200301 a 4500</leader>
  <controlfield tag="001">1/45306</controlfield>
  <controlfield tag="008">140822s1996    us            001 0 eng  </controlfield>
  <datafield tag="020" ind1=" " ind2=" ">
   <subfield code="a">9780884156420</subfield>
  </datafield>
  <datafield tag="020" ind1=" " ind2=" ">
   <subfield code="a">0884156427</subfield>
  </datafield>
  <datafield tag="035" ind1=" " ind2=" ">
   <subfield code="l">48266</subfield>
  </datafield>
  <datafield tag="040" ind1=" " ind2=" ">
   <subfield code="a">OPELS</subfield>
   <subfield code="b">eng</subfield>
   <subfield code="c">OPELS</subfield>
   <subfield code="d">TEF</subfield>
   <subfield code="d">OPELS</subfield>
   <subfield code="d">OCLCQ</subfield>
   <subfield code="d">OCLCF</subfield>
   <subfield code="d">GR-PeUP</subfield>
  </datafield>
  <datafield tag="245" ind1="0" ind2="0">
   <subfield code="a">Standard handbook of petroleum &amp; natural gas engineering.</subfield>
   <subfield code="n">[Volume 1]</subfield>
   <subfield code="h">[electronic resource] /</subfield>
   <subfield code="c">William C. Lyons, editor.</subfield>
  </datafield>
  <datafield tag="246" ind1="3" ind2=" ">
   <subfield code="a">Standard handbook of petroleum and natural gas engineering</subfield>
  </datafield>
  <datafield tag="260" ind1=" " ind2=" ">
   <subfield code="a">Houston, Tex. :</subfield>
   <subfield code="b">Gulf Pub. Co.,</subfield>
   <subfield code="c">c1996.</subfield>
  </datafield>
  <datafield tag="300" ind1=" " ind2=" ">
   <subfield code="a">1 online resource (2 v.) :</subfield>
   <subfield code="b">ill.</subfield>
  </datafield>
  <datafield tag="520" ind1=" " ind2=" ">
   <subfield code="a">Petroleum engineering now has its own true classic handbook that reflects the profession's status as a mature major engineering discipline. Formerly titled the Practical Petroleum Engineer's Handbook, by Joseph Zaba and W.T. Doherty (editors), this new, completely updated two-volume set is expanded and revised to give petroleum engineers a comprehensive source of industry standards and engineering practices. It is packed with the key, practical information and data that petroleum engineers rely upon daily. The result of a fifteen-year effort, this handbook covers the gamut of oil and gas engineering topics to provide a reliable source of engineering and reference information for analyzing and solving problems. It also reflects the growing role of natural gas in industrial development by integrating natural gas topics throughout both volumes. More than a dozen leading industry experts-academia and industry-contributed to this two-volume set to provide the best, most comprehensive source of petroleum engineering information available.</subfield>
  </datafield>
  <datafield tag="505" ind1="0" ind2=" ">
   <subfield code="a">Preface. MATHEMATICS. Geometry. Algebra. Trigonometry. Differential and Integral Calculus. Analytic Geometry. Numerical Methods. Applied Statistics. Computer Applications. References. GENERAL ENGINEERING AND SCIENCE. Basic Mechanics (Statics and Dynamics). Fluid Mechanics. Strength of Materials. Thermodynamics. Geological Engineering. Electricity. Chemistry. Engineering Design. References. AUXILIARY EQUIPMENT. Prime Movers. Power Transmission. Pumps. Compressors. References. DRILLING AND WELL COMPLETIONS. Derricks and Portable Masts. Hoisting Systems. Rotary Equipment. Mud Pumps. Drilling Muds and Completion Systems. Drill String: Composition and Design. Drilling Bits and Downhole Tools. Drilling Mud Hydraulics. Air and Gas Drilling. Downhole Motors. MWD and LWD. Directional Drilling. Selection of Drilling Practices. Well Pressure Control. Fishing Operations and Equipment. Casing and Casing String Design. Well Cementing. Tubing and Tubing String Design. Corrosion and Scaling. Environmental Considerations. Offshore Operations. References. Appendix: Units and Conversions (SI). Index.</subfield>
  </datafield>
  <datafield tag="500" ind1=" " ind2=" ">
   <subfield code="a">Rev. ed. of: Practical petroleum engineers' handbook / Joseph Zaba. 5th ed. c1970.</subfield>
  </datafield>
  <datafield tag="504" ind1=" " ind2=" ">
   <subfield code="a">Includes bibliographical references and indexes.</subfield>
  </datafield>
  <datafield tag="650" ind1=" " ind2="4">
   <subfield code="a">Petroleum engineering.</subfield>
  </datafield>
  <datafield tag="650" ind1=" " ind2="4">
   <subfield code="a">Natural gas.</subfield>
  </datafield>
  <datafield tag="655" ind1=" " ind2="4">
   <subfield code="a">Electronic books.</subfield>
  </datafield>
  <datafield tag="700" ind1="1" ind2=" ">
   <subfield code="a">Lyons, William C.</subfield>
  </datafield>
  <datafield tag="700" ind1="1" ind2=" ">
   <subfield code="a">Zaba, Joseph.</subfield>
   <subfield code="t">Practical petroleum engineers' handbook.</subfield>
  </datafield>
  <datafield tag="852" ind1=" " ind2=" ">
   <subfield code="a">INST</subfield>
   <subfield code="b">UNIPILB</subfield>
   <subfield code="c">EBOOKS</subfield>
   <subfield code="e">20140822</subfield>
   <subfield code="p">00b48266</subfield>
   <subfield code="q">00b48266</subfield>
   <subfield code="t">ONLINE</subfield>
   <subfield code="y">0</subfield>
  </datafield>
  <datafield tag="856" ind1="4" ind2="0">
   <subfield code="3">ScienceDirect</subfield>
   <subfield code="u">http://www.sciencedirect.com/science/book/9780884156420</subfield>
  </datafield>
  <datafield tag="856" ind1="4" ind2=" ">
   <subfield code="d">/webopac/covers/03/48266_9780884156420.jpg</subfield>
  </datafield>
  <datafield tag="856" ind1="4" ind2=" ">
   <subfield code="d">/webopac/covers/03/48266_0884156427.jpg</subfield>
  </datafield>
 </record>
</collection>
